| 000 | 00407nam a2200157Ia 4500 | ||
|---|---|---|---|
| 008 | 260601s2025 xx 000 0 und d | ||
| 020 | _a978-93-5464-431-3 | ||
| 041 | _aeng | ||
| 082 | _a005.8/STA | ||
| 100 | _aSTAMP MARK | ||
| 245 |
_aINFORMATION SECURITY _bPRINCIPLES AND PRACTICES |
||
| 250 | _a3rd ed | ||
| 260 |
_aNEW DELHI _bWILEY INDIA PVT LTD _c2025 |
||
| 300 | _aP.B,XXII,530 | ||
| 650 | _aMCA | ||
| 999 |
_c1222360 _d1222360 |
||